000 00229nam a22000857a 4500
008 161028b xxu||||| |||| 00| 0 eng d
100 _9986
_aGomber.KL.etal
245 _aFundamental physics
260 _aNew Delhi
_bP.P. Publications
_c2012
999 _c3644
_d3644